000 01828nam a22002537a 4500
008 230328s2005 ao ||||| |||| 00| 0 eng d
020 _a9780968878651
041 _aeng
050 _a333.31 DEV
245 _aTERRA - Urban Land Reform in Post-War Angola:
_bresearch, advocacy and policy development
260 _aAngola,
_bDevelopment Worshop,
_cMarch 2005
300 _a191p.
_b23cm
490 _aOccasional paper
_vno.5
505 _aMaps; illustrations; aerial pictures
520 _aThe book focuses, naturally, on urban land issues, but needs to be seen in a wider context of changing governance in Angola, and indeed in the Sub-Saharan Africa region. The public consultation on the Land Law was the first such wide consultation by any government in Angola since the nation-state was created, and as such represents an enormous change in relations between the state and its citizens. The book therefore also aims to contribute to a wider review of the consultation process, as a means to draw on this experience to strengthen even further the good governance which this represents as the basis for future state-society partnerships in Angola. In addition the book will permit the research process and findings to be disseminated to a much wider audience, both nationally and internationally, and therefore also contribute to wider sectoral approaches to urban land management, as well as a wider appreciation of this initial experience of practice in good governance.
650 _aANGOLA
650 _aPOST-WAR
650 _aPostwar reconstruction
650 _aREGENERATION
651 _aAngola
690 _96251
_aLand use
856 _uhttps://www.researchgate.net/publication/323686519_TERRA_-_Urban_Land_Reform_in_Post-War_Angola_-_DW_Occasional_Paper_N5
_zAvailable on Researchgate
942 _n0
999 _c121410
_d121410